000 01281nam a2200325 i 4500
003 EG-GICUC
005 20260212153238.0
008 260212s19851405ua ||||fr|||| 00| 0 ara d
017 _a85/3751
040 _a EG-GICUC
_bara
_c EG-GICUC
_d EG-GICUC
_erda
041 _aara
082 0 4 _221
_a343.93
_bح س . أ
092 0 4 _221
099 _aLaw1 10 343.93 ح س . أ 1 ed - 1985
100 0 _aحسين محمد أحمد حمودة
_eمؤلف.
245 1 0 _aأسرار حركة الضباط الأحرار والإخوان المسلمين /
_cبقلم حسين محمد أحمد حمودة.
250 _aالطبعة الأولى،
_bه1405 - 1985م.
264 1 _aالقاهرة :
_bالزهراء للإعلام العربى،
_c1985.
300 _a223 صفحة ;
_c24 سم.
336 _2rda content
_atext
337 _2rda media
_aComputer
338 _2rda carrier
_aOnline Resource
505 _aصفحات من تاريخ مصر الفترة من 4 فبراير 1942 وحتى 6 أكتوبر 1981.
546 _aالنص باللغة العربية
650 1 _aالقانون الجنائي
650 1 _aعلم السياسة الجنائية
856 4 0 _uhttps://fll.law.cu.edu.eg/fulltext/bks/B10-08560.pdf
905 _a43
942 _2ddc
_n0
_cBK
_e21
999 _c62827
_d62827